|
|
|
|
| LEADER |
01247nam a2200337 a 4500 |
| 001 |
15676042 |
| 003 |
BD-DhAAL |
| 005 |
20140610151900.0 |
| 008 |
130424s20112003pau sb 001 0 eng d |
| 010 |
|
|
|a 2009659227
|
| 020 |
|
|
|a 9780071077484
|
| 020 |
|
|
|a 0071077480
|
| 020 |
|
|
|a 9786610950959
|
| 020 |
|
|
|a 0335208592 (Paper)
|
| 020 |
|
|
|a 0335208606 (Cloth)
|
| 020 |
|
|
|a 0335224466 (electronic bk.)
|
| 040 |
|
|
|a UK-RwCLS
|c UK-RwCLS
|d DLC
|d BD-DhAAL
|
| 082 |
0 |
4 |
|a 373.0072
|2 21
|
| 999 |
|
|
|c 13353
|d 13353
|
| 999 |
|
|
|c 13353
|
| 100 |
1 |
|
|a Bushaway, Robert W.,
|d 1952-
|9 4990
|
| 245 |
1 |
0 |
|a Managing research /
|c Robert W. Bushaway.
|
| 260 |
|
|
|a Philadelphia :
|b Open University ;
|a New Delhi ;
|a New York :
|b Tata McGrow-Hill,
|c 2003.[Reprinted 2011]
|
| 300 |
|
|
|a xvi, 246 p. :
|b ill. ;
|c 22 cm.
|
| 490 |
|
0 |
|a Managing universities and colleges
|
| 504 |
|
|
|a Includes bibliographical references (p. [233]-236)and index.
|
| 541 |
1 |
|
|e 00026835
|
| 650 |
|
0 |
|a Research
|x Management
|z Great Britain.
|9 4991
|
| 852 |
1 |
|
|a Ayesha Abed Library
|j General Shelf.
|
| 942 |
|
|
|2 ddc
|c BK
|
| 952 |
|
|
|0 0
|1 0
|2 ddc
|4 0
|6 373_007200000000000_BUS
|7 0
|9 22258
|a IGS
|b IGS
|c GEN
|d 2012-04-27
|e Mullick & Brothers
|g 650.00
|l 0
|o 373.0072 BUS
|p 3010026835
|r 2013-04-28
|t 1
|w 2012-04-27
|y BK
|